|
|
|
|
| LEADER |
00000cam a2200000 cc4500 |
| 001 |
1090736150 |
| 003 |
DE-627 |
| 005 |
20250926080720.0 |
| 007 |
tu |
| 008 |
900619s1696 xx ||||| 00| ||lat c |
| 035 |
|
|
|a (DE-627)1090736150
|
| 035 |
|
|
|a (DE-576)020736150
|
| 035 |
|
|
|a (DE-599)BSZ020736150
|
| 035 |
|
|
|a (OCoLC)311271451
|
| 035 |
|
|
|a (OCoLC)311271451
|
| 040 |
|
|
|a DE-627
|b ger
|c DE-627
|e rakwb
|
| 041 |
|
|
|a lat
|
| 084 |
|
|
|a 1
|2 ssgn
|
| 100 |
1 |
|
|0 (DE-588)100239102
|0 (DE-627)139005501
|0 (DE-576)165741899
|4 aut
|a Papebrochius, Daniel
|d 1628-1714
|
| 109 |
|
|
|a Papebrochius, Daniel 1628-1714
|a Papenbroeck, Daniel van 1628-1714
|a Papebrochus, Daniel 1628-1714
|a Papenbroeck, Daniel von 1628-1714
|a Papebroeck, Daniel van 1628-1714
|a Papebroch, Daniel van 1628-1714
|a Papebrock, Daniel van 1628-1714
|a Papenbroeck, Daniel 1628-1714
|a Papebroek, Daniel van 1628-1714
|a Papebroch, Daniel 1628-1714
|a D. P. 1628-1714
|a Papenbroch, Daniel 1628-1714
|
| 245 |
1 |
0 |
|a Responsio Danielis Papebrochii ... ad exhibitionem errorum per adm. Sebastianum a S. Paulo ... evulgatam anno MDCXCIII Coloniae
|n 1
|p Pars prima ad XII priores articulos
|
| 246 |
3 |
0 |
|a responsiones
|
| 250 |
|
|
|a Editio 2 ab Auctore recognita & nonnihil aucta.
|
| 264 |
|
1 |
|a Antverpiæ
|b Thieullier
|c 1696
|
| 300 |
|
|
|a [2] Bl., 2 Bl., S. 3 - 352, [8] Bl.
|b Frontispiz
|c 4°
|
| 336 |
|
|
|a Text
|b txt
|2 rdacontent
|
| 337 |
|
|
|a ohne Hilfsmittel zu benutzen
|b n
|2 rdamedia
|
| 338 |
|
|
|a Band
|b nc
|2 rdacarrier
|
| 500 |
|
|
|a Das Frontispiz zeigt das Porträt: "Carolvs II. Hispaniar. Indiar. Et Rex Catholic" mit Angabe "Henrikus Cause sculp."
|
| 500 |
|
|
|a Vorlageform des Erscheinungsvermerks: Antverpiæ Apud Viduam & Heredes Henrici Thieullier. Anno MDCXCVI.
|
| 751 |
|
|
|a Antwerpen
|0 (DE-588)4002364-3
|0 (DE-627)106393596
|0 (DE-576)208846786
|4 pup
|
| 773 |
1 |
8 |
|a Responsio Danielis Papebrochii ex Societate Jesu Theologi Ad Exhibitionem Errorum Per ... Sebastianum A S. Paulo, Ordinis Carmelitani in Belgio bis Provincialem, olim sacræ Theologiæ Professorem Lovanii, evulgatam Anno MDCXCIII Coloniæ
|w (DE-627)1088332218
|w (DE-576)018332218
|g 1
|q 1
|7 nnam
|
| 951 |
|
|
|a MV
|
| ELC |
|
|
|b 1
|
| ORI |
|
|
|a SA-MARC-ixtheo_oa001.raw
|